000 00509nam a22001457a 4500
008 150306b xxu||||| |||| 00| 0 eng d
020 _a9780520078222
050 _aQC173.98.D37 1992
100 _aDarrigol, O.
_915844
245 _aFrom c-numbers to q-numbers
_bthe classical analogy in the history of quantum theory
_cOlivier Darrigol
260 _aBerkeley
_bUniversity of California Press
_c1992
300 _axxiii, 388p.
_c24cm.
650 _aQuantum theory
_xHistory
_913415
942 _2lcc
_cMONOGRAPH
999 _c122288
_d122288